Odpis pohľadávok v jednoduchom účtovníctve

Vymedzenie pojmu odpis pohľadávky. Vznik a zánik pohľadávky v jednoducho účtovníctve. Účtovanie pohľadávky v jednoduchom účtovnícte. Ilustračné príklady.

Saved in:
Bibliographic Details
Main Author: Gášpárová, Eva
Format: Book Chapter
Language:Slovak
Subjects:
Tags: Add Tag
No Tags, Be the first to tag this record!

MARC

LEADER 00000naa a2200000 4500
001 0242217
005 20180423101329.9
041 0 |a slo 
044 |a SK 
245 1 0 |a Odpis pohľadávok v jednoduchom účtovníctve  |c Eva Gášpárová 
520 |a Vymedzenie pojmu odpis pohľadávky. Vznik a zánik pohľadávky v jednoducho účtovníctve. Účtovanie pohľadávky v jednoduchom účtovnícte. Ilustračné príklady. 
610 2 0 |a pohľadávky 
610 2 0 |a odpisy účtovné 
610 2 0 |a účtovníctvo jednoduché 
610 2 0 |a pravidlá účtovné 
100 1 |a Gášpárová, Eva